Legislatívne zmeny v oblasti dávky v nezamestnanosti a dávky garančného poistenia – stručný prehľad

Novela zákona o sociálnom poistení, ktorá sa dotýka viacerých oblastí sociálneho poistenia. Zmeny v oblasti poistenia v nezamestnanosti a garančného poistenia. Dávka v nezamestnanosti a dávka garančného poistenia.

Gespeichert in:
Bibliographische Detailangaben
1. Verfasser: Kamenistá, Zuzana
Format: Buchkapitel
Sprache:Slowakisch
Schlagworte:
Tags: Tag hinzufügen
Keine Tags, Fügen Sie das erste Tag hinzu!

MARC

LEADER 00000nla a2200000 4500
001 0178654
005 20220729105143.6
041 0 |a slo 
044 |a SK 
245 1 0 |a Legislatívne zmeny v oblasti dávky v nezamestnanosti a dávky garančného poistenia – stručný prehľad  |c Zuzana Kamenistá 
520 |a Novela zákona o sociálnom poistení, ktorá sa dotýka viacerých oblastí sociálneho poistenia. Zmeny v oblasti poistenia v nezamestnanosti a garančného poistenia. Dávka v nezamestnanosti a dávka garančného poistenia. 
610 2 0 |a poistenie sociálne 
610 2 0 |a poistenie v nezamestnanosti 
610 2 0 |a poistenie garančné 
610 2 0 |a dávky poistné 
610 2 0 |a poistenci 
610 2 0 |a poisťovne sociálne 
100 1 |a Kamenistá, Zuzana